000 00291nam a22001097a 4500
008 160613b xxu||||| |||| 00| 0 eng d
020 _a9780323074612
041 _aeng
080 _a618.2
245 _aPriorities in critical care nursing:
_cLinda D. Urden; Kathleen M. Stacy;
942 _2udc
_cBK
999 _c2468
_d2468